000 00831nam a2200301 a 4500
003 AR-BaBNM
005 20251128203931.0
008 082120s2002 ||||||||||||||000 | spa||
020 _a950-618-029-6
040 _cAR-BaBNM
100 1 _aChesser, Eustace
245 0 0 _aGuía de educación sexual para adultos
250 _a5ª ed.
260 _aBuenos Aires
_bEdiciones Hormé
_c1984
300 _a336 p.
_bil.
490 0 _aBiblioteca la educación de hoy. Educación sexual
_vv. 6
650 4 _aCOMPORTAMIENTO SEXUAL
650 4 _aEDUCACION SEXUAL
650 4 _aEDUCACION DE LA MUJER
650 4 _aMATRIMONIO
650 4 _aCONTROL DE LA NATALIDAD
650 4 _aSALUD
650 4 _aEDUCACION DEL HOMBRE
650 4 _aEDUCACION DE ADULTOS
700 1 _aWatson, Nora
_etraductor
942 _cBK
998 _cSILVI
999 _c5527
_d5527